Sports Quiz

Random Sports or Tennis Quiz

Open Era Grand Slam Winners (Men) Quiz Stats

Quiz not verified by Sporcle

Challenge
Share
Tweet
Embed
Score 0/53 Timer 08:00
0 Plays Today
No. of Titles Player % Correct
17Roger Federer
100%
13Rafael Nadal
100%
14Pete Sampras
99.3%
11Björn Borg
98.5%
8Andre Agassi
97%
8Jimmy Connors
95.6%
7John McEnroe
95.6%
2Andy Murray
95.6%
6Boris Becker
94.8%
8Ivan Lendl
93.3%
6Novak Djokovic
93.3%
2Lleyton Hewitt
91.1%
5Rod Laver
89.6%
1Andy Roddick
88.1%
7Mats Wilander
84.4%
6Stefan Edberg
84.4%
3Gustavo Kuerten
83.7%
2Marat Safin
83.7%
1Juan Martín del Potro
83.7%
1Michael Chang
82.2%
4Jim Courier
82.2%
2Ilie Năstase
80.7%
3Arthur Ashe
78.5%
5John Newcombe
78.5%
1Juan Carlos Ferrero
77%
2Patrick Rafter
76.3%
1Goran Ivanišević
75.6%
No. of Titles Player % Correct
1Stanislas Wawrinka
74.1%
2Yevgeny Kafelnikov
73.3%
1Michael Stich
71.9%
1Carlos Moyá
71.9%
1Yannick Noah
71.1%
2Stan Smith
70.4%
4Guillermo Vilas
70.4%
1Pat Cash
68.9%
1Thomas Muster
68.9%
1Richard Krajicek
68.1%
1Thomas Johansson
65.2%
4Ken Rosewall
63%
2Sergi Bruguera
63%
1Gastón Gaudio
61.5%
1Petr Korda
59.3%
1Albert Costa
59.3%
1Andrés Gómez
57%
2Johan Kriek
54.1%
1Manuel Orantes
52.6%
1Vitas Gerulaitis
52.6%
3Jan Kodeš
50.4%
1Roscoe Tanner
50.4%
1Adriano Panatta
46.7%
1Brian Teacher
43%
1Andres Gimeno
40.7%
1Marc Edmondson
39.3%

You're not logged in!

Compare scores with friends on all Sporcle quizzes.
Sign Up with Email
OR
Log In

You Might Also Like...

Show Comments

Extras

Top Quizzes Today


Score Distribution

Your Account Isn't Verified!

In order to create a playlist on Sporcle, you need to verify the email address you used during registration. Go to your Sporcle Settings to finish the process.